Seguridad ciudadana: ¿continuidad o cambio? /

El autor relata las propuestas de seguridad ciudadana que emergieron por parte de los candidatos a la presidencia en las elecciones de Uruguay del 2009, y profundiza en el desarrollo de las acciones propuestas por parte del gobierno de José Mujica en esta materia, destacando los actores sociales inv...

Descripció completa

Guardat en:
Dades bibliogràfiques
Autor principal: Vila, Alejandro
Format: Text
Matèries:
Etiquetes: Afegir etiqueta
Sense etiquetes, Sigues el primer a etiquetar aquest registre!

MARC

LEADER 00000 a a2200000 04500
001 45717
003
040 |a CRAI/IIS  |c CRAI/IIS 
100 |a Vila, Alejandro  
245 |a Seguridad ciudadana:   |b ¿continuidad o cambio? /  |c Alejandro Vila  
520 |a El autor relata las propuestas de seguridad ciudadana que emergieron por parte de los candidatos a la presidencia en las elecciones de Uruguay del 2009, y profundiza en el desarrollo de las acciones propuestas por parte del gobierno de José Mujica en esta materia, destacando los actores sociales involucrados, dinámica y relaciones existentes en dicho contexto.  
590 |a AMB/JUNIO2014  
650 |a GOBIERNO  
650 |a IZQUIERDA (CIDCACS)  
650 |a SEGURIDAD CIUDADANA (CIDCACS)  
650 |a URUGUAY  
773 |g páginas 159-166  
999 |c 18407  |d 18407